000 01286cam a22003617a 4500
999 _c1449
_d1449
001 13944442
003 OSt
005 20191028114158.0
008 030626s2004 enka b 001 0 eng d
010 _a 2005391722
015 _aGBA3-U5309
020 _a1841101338
035 _a(DNLM)101223822
035 _a(CStRLIN)MDNM101223822-B
040 _aUKM
_cUKM
_dOCLCQ
_dDLC
042 _alccopycat
050 0 0 _aRD87.3.H43
_bC67 2004
060 0 0 _a2004 J-427
060 1 0 _aWG 460
_bC797 2004
082 0 4 _aWG 460 C813j 2004
_221
100 _aEdited by Arrowsmith, Joseph E.; Mackay, Jonathan H.
_913000
245 0 0 _aCore Topics in Cardiac Anaesthesia
260 _a[Cambridge, U.K.] :
_bGMM,
_c2004.
300 _axix, 367 p. :
_bill. ;
_c24 cm.
504 _aIncludes bibliographical references and index.
650 0 _aCardiology.
_93818
650 1 2 _aAnesthesia.
_93094
856 4 2 _3Publisher description
_uhttp://www.loc.gov/catdir/enhancements/fy0632/2005391722-d.html
856 4 1 _3Table of contents only
_uhttp://www.loc.gov/catdir/enhancements/fy0632/2005391722-t.html
906 _a7
_bcbc
_ccopycat
_d2
_encip
_f20
_gy-gencatlg
942 _2z
_cSLOAN